| Tag |
First Indicator |
Second Indicator |
Subfields |
| LEADER |
00000cam a2200000 4500 |
| 001 |
in00000453089 |
| 005 |
20151012085632.0 |
| 008 |
740802s1942 pau b 00000 eng u |
| 010 |
|
|
|a 42012162
|
| 035 |
|
|
|a (OCoLC)00971774
|
| 035 |
|
|
|9 ABY3274AM
|
| 040 |
|
|
|c MSC
|d TXA
|d UtOrBLW
|
| 049 |
|
|
|a TXAM
|c [251945]
|
| 050 |
|
0 |
|a QE89
|b .W63
|
| 092 |
|
|
|a 557
|b C155w, 1942
|
| 100 |
1 |
|
|a Willard, Daniel E.
|q (Daniel Everett),
|d 1862-
|
| 245 |
1 |
0 |
|a Adventures in scenery :
|b a popular reader of California geology /
|c by Daniel E. Willard ...
|
| 264 |
|
1 |
|a Lancaster, Pa. :
|b The Jacques Cattell press,
|c 1942.
|
| 300 |
|
|
|a 438 pages :
|b illustrations ;
|c 26 cm.
|
| 336 |
|
|
|a text
|b txt
|2 rdacontent
|
| 337 |
|
|
|a unmediated
|b n
|2 rdamedia
|
| 338 |
|
|
|a volume
|b nc
|2 rdacarrier
|
| 504 |
|
|
|a Bibliography: pages [428]-432.
|
| 650 |
|
0 |
|a Geology
|z California.
|
| 999 |
|
|
|a MARS
|
| 999 |
f |
f |
|s ccaeb356-d201-38d7-ace3-8687edfbb88d
|i 9d2e4b60-17e6-3933-82ff-c25d290c9cd5
|t 0
|
| 952 |
f |
f |
|p ric
|a Texas A&M University
|b Rellis Campus
|c Joint Library Facility
|d Remote Storage
|t 0
|e QE89 .W63
|h Library of Congress classification
|i unmediated -- volume
|m A14800961122
|
| 998 |
f |
f |
|a QE89 .W63
|t 0
|l Remote Storage
|